LDR 00711naa#a2200181#i#450# 001 EN\\bibl\121044 005 20260515172404.5 011 ## _a1998-6785 100 ## _a20220921b2022####ek#y0engy0150####ca 102 ## _aRU 200 1# _aKhabarovsk abandoned buildings in urban space structure _eJournal article 210 1# _aVladivostok _cVladivostok State University _d2022 215 ## _a13 с. 608 ## _aJournal article _2local 675 ## _aМонументы, памятники, уличные светильники и различные малые архитектурные формы. 725.94 _aСоциология. 316 _z 700 #1 _aKlicenko _gMaksim V. 700 #1 _aTceluiko _gDmitrii Sergeevich 856 4# _aojkum.editorum.ru _u